<?xml version="1.0" encoding="UTF-8"?>
<collection xmlns="http://www.loc.gov/MARC21/slim">
 <record>
  <leader>01478nam a22002057a 4500</leader>
  <controlfield tag="001">NCT_4_009162</controlfield>
  <controlfield tag="008">240617b        xxu||||| |||| 00| 0 vie d</controlfield>
  <datafield tag="999" ind1=" " ind2=" ">
   <subfield code="c">8400</subfield>
   <subfield code="d">8400</subfield>
  </datafield>
  <datafield tag="020" ind1=" " ind2=" ">
   <subfield code="a">9786045793558</subfield>
   <subfield code="c">62000</subfield>
  </datafield>
  <datafield tag="082" ind1="0" ind2="4">
   <subfield code="2">23rd ed.</subfield>
   <subfield code="a">346.59707</subfield>
   <subfield code="b">L504C</subfield>
  </datafield>
  <datafield tag="245" ind1="0" ind2="0">
   <subfield code="a">Luật các tổ chức tín dụng</subfield>
  </datafield>
  <datafield tag="260" ind1=" " ind2=" ">
   <subfield code="a">H.</subfield>
   <subfield code="b">Chính trị quốc gia sự thật</subfield>
   <subfield code="c">2024</subfield>
  </datafield>
  <datafield tag="300" ind1=" " ind2=" ">
   <subfield code="a">275 tr.</subfield>
   <subfield code="c">19cm</subfield>
  </datafield>
  <datafield tag="520" ind1="3" ind2=" ">
   <subfield code="a">Sách trình bày nội dung Luật các tổ chức tín dụng với các phần những quy định chung, ngân hàng chính sách, giấy phép, tổ chức, quản trị, điều hành của tổ chức tín dụng, chi nhánh ngân hàng nước ngoài, hoạt động của tổ chức tín dụng, chi nhánh ngân hàng nước ngoài,...</subfield>
  </datafield>
  <datafield tag="653" ind1=" " ind2=" ">
   <subfield code="a">Luật học</subfield>
  </datafield>
  <datafield tag="942" ind1=" " ind2=" ">
   <subfield code="2">ddc</subfield>
   <subfield code="c">BK</subfield>
  </datafield>
  <datafield tag="952" ind1=" " ind2=" ">
   <subfield code="0">0</subfield>
   <subfield code="1">0</subfield>
   <subfield code="2">ddc</subfield>
   <subfield code="4">0</subfield>
   <subfield code="6">346_597070000000000_L504C</subfield>
   <subfield code="7">0</subfield>
   <subfield code="9">28993</subfield>
   <subfield code="a">000001</subfield>
   <subfield code="b">000001</subfield>
   <subfield code="d">2024-06-17</subfield>
   <subfield code="l">5</subfield>
   <subfield code="m">1</subfield>
   <subfield code="o">346.59707 L504C</subfield>
   <subfield code="p">MD.22522</subfield>
   <subfield code="q">2025-12-19</subfield>
   <subfield code="r">2025-12-05</subfield>
   <subfield code="s">2025-12-05</subfield>
   <subfield code="v">62000.00</subfield>
   <subfield code="w">2024-06-17</subfield>
   <subfield code="y">BK</subfield>
  </datafield>
  <datafield tag="952" ind1=" " ind2=" ">
   <subfield code="0">0</subfield>
   <subfield code="1">0</subfield>
   <subfield code="2">ddc</subfield>
   <subfield code="4">0</subfield>
   <subfield code="6">346_597070000000000_L504C</subfield>
   <subfield code="7">0</subfield>
   <subfield code="9">28994</subfield>
   <subfield code="a">000001</subfield>
   <subfield code="b">000001</subfield>
   <subfield code="d">2024-06-17</subfield>
   <subfield code="l">2</subfield>
   <subfield code="m">1</subfield>
   <subfield code="o">346.59707 L504C</subfield>
   <subfield code="p">MD.22523</subfield>
   <subfield code="r">2025-11-28</subfield>
   <subfield code="s">2025-11-28</subfield>
   <subfield code="v">62000.00</subfield>
   <subfield code="w">2024-06-17</subfield>
   <subfield code="y">BK</subfield>
  </datafield>
  <datafield tag="952" ind1=" " ind2=" ">
   <subfield code="0">0</subfield>
   <subfield code="1">0</subfield>
   <subfield code="2">ddc</subfield>
   <subfield code="4">0</subfield>
   <subfield code="6">346_597070000000000_L504C</subfield>
   <subfield code="7">0</subfield>
   <subfield code="9">28995</subfield>
   <subfield code="a">000001</subfield>
   <subfield code="b">000001</subfield>
   <subfield code="d">2024-06-17</subfield>
   <subfield code="l">10</subfield>
   <subfield code="o">346.59707 L504C</subfield>
   <subfield code="p">MD.22524</subfield>
   <subfield code="q">2025-12-19</subfield>
   <subfield code="r">2025-12-05</subfield>
   <subfield code="s">2025-12-05</subfield>
   <subfield code="v">62000.00</subfield>
   <subfield code="w">2024-06-17</subfield>
   <subfield code="y">BK</subfield>
  </datafield>
  <datafield tag="980" ind1=" " ind2=" ">
   <subfield code="a">Thư viện Trường Đại học Nam Cần Thơ</subfield>
  </datafield>
 </record>
</collection>
